[Event "GER-chT School WK 4"]
[Site "Playchess.com INT"]
[Date "2020.06.16"]
[Round "2.3"]
[White "Brusilowskyy, Herrmann"]
[Black "Vintan, Michael"]
[Result "1-0"]
[WhiteElo "1489"]
[BlackElo "1535"]
[PlyCount "137"]
[EventDate "2020.06.16"]
[EventType "team-swiss (blitz)"]
[EventRounds "5"]
[EventCountry "GER"]
[SourceTitle "EXT 2021"]
[Source "ChessBase"]
[SourceDate "2020.10.23"]
[SourceVersion "1"]
[SourceVersionDate "2020.10.23"]
[SourceQuality "1"]
[WhiteTeam "Luebeck Katharineum"]
[BlackTeam "Dorfen Gymn"]
[WhiteTeamCountry "GER"]
[BlackTeamCountry "GER"]

1. e4 e6 2. Nc3 Nf6 3. Nf3 d5 4. exd5 exd5 5. d4 Nc6 6. g3 Bd6 7. Bg2 Bf5 8. 0-0 Qd7 9. Bd2 Bh3 10. Bxh3 Qxh3 11. Ng5 Qf5 12. Nf3 0-0 13. Kg2 Ng4 14. h3 Nf6 15. Qc1 Nh5 16. g4 Nf4+ 17. Bxf4 Qxf4 18. Qxf4 Bxf4 19. Nxd5 Bd6 20. Rh1 Nb4 21. Nxb4 Bxb4 22. a3 Bd6 23. h4 c5 24. dxc5 Bxc5 25. h5 Rae8 26. Rae1 b6 27. Rxe8 Rxe8 28. g5 Re2 29. Rf1 Kf8 30. g6 hxg6 31. hxg6 fxg6 32. b4 Bd6 33. Nd4 Kg8 34. Nxe2 g5 35. Nd4 Kh7 36. Nc6 g4 37. Nxa7 Kg6 38. f3 gxf3+ 39. Rxf3 Kg5 40. Nb5 Be5 41. Nc3 Kg4 42. Rf1 Bxc3 43. a4 Bxb4 44. Rb1 Bc5 45. a5 bxa5 46. Rb5 Bb4 47. Rd5 g5 48. Rd4+ Kh5 49. Re4 Bc3 50. Kg3 Bd2 51. c4 Kg6 52. c5 Kf6 53. Re2 Bb4 54. c6 Bd6+ 55. Kg4 a4 56. Ra2 a3 57. c7 Bxc7 58. Rxa3 Bd6 59. Rf3+ Kg6 60. Rd3 Bf4 61. Rd5 Be3 62. Re5 Bd2 63. Re6+ Kf7 64. Rc6 Ke7 65. Kf5 Kf7 66. Rc7+ Kf8 67. Ke6 Ba5 68. Ra7 Bb6 69. Rb7 1-0